Football : Parcours de la France à l'euro 2000 - Statistiques

Statistiques générales
  • Ce quiz a été pris 126 fois
  • Le résultat moyen est 5 sur 6
Statistiques - réponses
Tour Score Adversaire % Correct
Finale Victoire 2-1 avec but en or Italie
99%
Quarts Victoire 2-1 Espagne
95%
Demies Victoire 2-1 avec but en or Portugal
94%
Poule Victoire 3-0 Danemark
81%
Poule Défaite 3-2 Pays-Bas
80%
Poule Victoire 2-1 République tchèque
63%
Aucun quiz correspondant
Distribution des résultats
% des personnes avec chaque résultat
Percentile par nombre de réponses
Votre historique - résultats
Vous n’avez pas pris ce quiz